|
|
|
|
| LEADER |
00864cam a2200241 a 4500 |
| 001 |
0000077769 |
| 005 |
20050901090000.0 |
| 040 |
|
|
|a mod
|
| 041 |
|
|
|a eng
|
| 020 |
0 |
0 |
|a 9836272941
|
| 090 |
0 |
0 |
|a 899.2309
|b HOO
|e 2003
|
| 100 |
1 |
0 |
|a Hooker
|h Virginia Matheson
|
| 245 |
1 |
0 |
|a Mencipta masyarakat baru
|b perubahan sosial menerusi novel Melayu
|c Virginia Matheson Hooker; penterjemah oleh Shamsuddin Jaafar...(et.al)
|
| 260 |
0 |
0 |
|a Kuala Lumpur
|b Dewan Bahasa dan Pustaka
|c 2003
|
| 300 |
0 |
0 |
|a xx, 648 p.
|c 22 cm
|
| 500 |
0 |
0 |
|a Includes index
|
| 650 |
0 |
0 |
|a Nationalism
|z Malaysia
|
| 650 |
0 |
0 |
|a Malay fiction
|x History and criticism
|y 20th century
|
| 650 |
0 |
0 |
|a Ethnicity
|z Malaysia
|y 20th century
|
| 650 |
0 |
0 |
|a Malaysia
|x Social life and customs
|y 20th century
|
| 700 |
1 |
1 |
|a Zainal Ahmad
|
| 700 |
1 |
1 |
|a Shamsuddin Jaafar
|
| 999 |
|
|
|a 0231237
|b PULPAK
|d BOOKS
|e Umum
|f PULPAK
|j AVAILABLE
|q GOOD CONDITION
|